000 00466nmm a2200157Ia 4500
008 251105s9999||||xx |||||||||||||||||und||
020 _a8484293629
041 _aspa
100 _aJosep M., Valverde Aparicio, Mireia
245 0 _aActividades de la función de personal
264 _a[Madrid, España] :
_bUOC Papers,
_c2002
300 _a72 páginas
650 _aEconomics and Business
856 _uhttps://public.digitaliapublishing.com/a/5694
942 _cCF
999 _c73743
_d73743